| 000 | 00362nam a2200145Ia 4500 | ||
|---|---|---|---|
| 008 | 221030s9999 xx 000 0 und d | ||
| 020 | _a9788194833079 | ||
| 041 | _aEnglish | ||
| 100 | _aA. Ahmad | ||
| 245 | 0 |
_aText Book of Mohammedan Law _cby A. Ahmad |
|
| 260 |
_bCentral Law Agency _aAllahabad _c2021 |
||
| 300 | _a442 | ||
| 650 | _aMuslim Law | ||
| 942 | _cBK | ||
| 999 |
_c18868 _d18868 |
||